Kalkınma iktisadının penceresinden Türkiye'ye bakmak : (Record no. 14926)

MARC details
000 -BAŞLIK
Sabit Uzunlukta Kontrol Alanı 00894nam a22002417a 4500
999 ## - SİSTEM KONTROL NUMARALARI (KOHA)
Koha Biblionumber 14926
Koha Biblioitemnumber 14926
003 - KONTROL NUMARASI IDENTIFIER
Denetim Alanı MIRAKIL
005 - SON İŞLEM TARİHİ VE ZAMANI
Denetim Alanı 20220531145428.0
008 - SABİT-BOY VERİ ELEMANLARI - GENEL BİLGİLER
Sabit Uzunlukta Kontrol Alanı 220531b tu ||||| |||| 00| 0 tur d
020 ## - ULUSLARARASI STANDART KİTAP NUMARASI
Uluslararası Standart Kitap Numarası 9789750522772
040 ## - KATALOGLAMA KAYNAK
Orijinal Kataloglama Ajansı TR-AnCHP
Metne Dönüştürmek Ajansı TR-AnCHP
041 ## - DİL KODU
Metin / Ses Parça Veya Ayrı Başlığın Dil Kodu tur
082 ## - DEWEY ONLU SINIFLANDIRMA NUMARASI
Sınıflandırma Numarası 338.9
Ürün Numarası K24 2017
245 10 - BAŞLIK TABLOSU
Başlık Kalkınma iktisadının penceresinden Türkiye'ye bakmak :
Başlığın Kalan Fikret Şenses'e armağan /
Sorumluluk Tablosu, Vb derleyenler Hasan Cömert, Emre Özçelik, Ebru Voyvoda
260 ## - YAYIN, DAĞITIM, VB
Yayın, Dağıtım, Vb Yeri İstanbul :
Yayıncı, Dağıtıcı, Vs Adı İletişim yayınları,
Yayın, Dağıtım, Vb Tarihi 2017.
300 ## - FİZİKSEL TANIM
Kapsam 312 s. :
Diğer Fiziksel Ayrıntıları şkl., tbl. ;
Boyutlar 19 sm.
490 0# - SERİSİ TABLOSU
Seri Beyanı İletişim yayınları ;
-- Araştırma-inceleme dizisi ;
Hacim / Ardışık Tanımı 2541.
-- 420.
504 ## - KAYNAKÇA VB NOT
Kaynakça Vb Notu Kaynakça bölüm sonlarındadır.
650 #0 - KONU KATMA GİRİŞ - TOPİKAL DÖNEM
9 (RLIN) 5840
Topikal Süreli Veya Coğrafi Ad Giriş Elemanı Ekonomik kalkınma
Genel Alt Bölümü Türkiye
700 ## - KATMA GİRİŞ - KİŞİSEL İSİM
9 (RLIN) 7104
Kişisel Ad Cömert, Hasan,
Relator Terim der.
700 ## - KATMA GİRİŞ - KİŞİSEL İSİM
9 (RLIN) 7105
Kişisel Ad Özçelik, Emre,
Relator Terim der.
700 ## - KATMA GİRİŞ - KİŞİSEL İSİM
9 (RLIN) 7106
Kişisel Ad Voyvoda, Ebru
Relator Terim der.
942 ## - EKLENDİ GİRİŞ ELEMANLARI (KOHA)
Sınıflandırma Veya Raf Düzeni Kaynak Dewey Decimal Classification
Koha Öğesi Türü Books
Holdings
Kalıcı Konum Mevcut Konum Edinme Tarihi Toplam Check-Out'Lar Tam Çağrı Numarası Barkod Tarih Son Görülme İtibaren Geçerli Fiyatlar Koha Öğesi Türü
CHP Kütüphanesi CHP Kütüphanesi 05/31/2022   338.9 K24 2017 020454 05/31/2022 05/31/2022 Books